000 00301nam a22001337a 4500
008 170622b xxu||||| |||| 00| 0 eng d
020 _a0465007651
041 _aeng
080 _a32
100 _a21
101 _aSHP
245 _aBRITISH GOVERNMENT AND ITS DISCONTENTS
_cSMITH,G
942 _2udc
_cBK
999 _c18833
_d18833